|
|
|
|
| LEADER |
00000cam a2200000 i 4500 |
| 001 |
1/48241 |
| 008 |
070716s2005 gr | ||| |||| ||gre|| |
| 020 |
|
|
|a 9601618759
|
| 035 |
|
|
|l 10088862
|
| 040 |
|
|
|a GR-MyUa
|b gre
|e AACR2
|
| 041 |
0 |
|
|a gre
|
| 082 |
7 |
|
|a 372.8938
|2 (22)
|
| 100 |
1 |
|
|a Παπαϊωάννου, Χριστίνα.
|
| 245 |
1 |
0 |
|a Ιστορία :
|b Γ' Δημοτικού /
|c Χριστίνα Παπαϊωάννου ; [επιμέλεια, διορθώσεις: Νάντια Κουτσουρούμπα].
|
| 260 |
|
|
|a [Αθήνα] :
|b Πατάκης,
|c [c2005].
|
| 300 |
|
|
|a 359 σ. :
|b εικ., πίν. ;
|c 24 εκ.
|
| 500 |
|
|
|a Περιέχει τις απαντήσεις στις ερωτήσεις του βιβλίου του μαθητή και του τετραδίου εργασιών.
|
| 650 |
0 |
0 |
|a History.
|
| 650 |
0 |
0 |
|a History
|x Study and teaching.
|
| 650 |
0 |
0 |
|a History, Ancient.
|
| 650 |
0 |
0 |
|a History
|x Study and teaching (Elementary)
|
| 650 |
0 |
0 |
|a Mythology.
|
| 650 |
0 |
0 |
|a Mythology, Greek.
|
| 852 |
|
|
|a INST
|b RHODES
|e 20070716
|h 372.8938 ΠΑΠ
|p 005400026313
|q 005400026313
|t BK
|y 0
|
| 901 |
|
|
|a BIBL4-2007-2
|
| 970 |
|
|
|a ΧΑΡΙΟΠΟΛΙΤΟΥ
|b ΚΩΝΣΤΑΝΤΙΝΑ
|z 2007/07/16
|